banner-ar

اخبار اجواد الصحابة عبدالله بن جعفر الطيار : (Record no. 3821)

MARC details
000 -الفاتح
حقل البيانات ثابتة الطول 00798nam a2200217Ia 4500
008 - عناصر البيانات ثابتة الطول - معلومات عامة
حقل البيانات ثابتة الطول 140319s9999 xx 000 0 ara d
020 ## - الرقم الدولى المعيارى للكتب
الرقم الدولى المعيارى للكتاب 4690209960
040 ## - مصدر الفهرسة
وكالة الفهرسة الأصلية GCL /
وكالة النسخ GCL
082 04 - رقم تصنيف ديوى العشرى
رقم التصنيف 239.9
رقم المادة م ا
100 1# - المدخل الرئيسى - إسم شخصى
الإسم الشخصى محمد شريف عدنان الصواف
245 10 - بيان العنوان
العنوان اخبار اجواد الصحابة عبدالله بن جعفر الطيار :
بقية العنوان قطب السخاء /
بيان المسئوليه,etc محمد شريف عدنان الصواف
250 ## - بيان الطبعة
بيان الطبعة الاولى
260 ## - PUBLICATION, DISTRIBUTION, ETC. (IMPRINT)
تاريخ النشر أو التوزيع 2000
300 ## - الوصف المادى
التعداد 99 ص ؛
أبعاد الوعاء 15 سم
490 ## - بيان السلسلة
عنوان السلسلة اخبار اجواد الصحابة
رقم المجلد/ التعيين التسلسلي 7
650 04 - المدخل الاضافى بالموضوع-مصطلح موضوعى
مصطلح موضوعي الصحابة والتابعون
650 04 - المدخل الاضافى بالموضوع-مصطلح موضوعى
مصطلح موضوعي القادة الدينيون
650 04 - المدخل الاضافى بالموضوع-مصطلح موضوعى
مصطلح موضوعي عبدالله بن جعفر الطيار
942 ## - عناصر المدخل الإضافي( كوها)
مصدر التصنيف او مخطط الترفيف Dewey Decimal Classification
Koha [default] item type كتاب
260 ## - PUBLICATION, DISTRIBUTION, ETC. (IMPRINT)
-- الرياض :
-- مكتبة العبيكان ،
Holdings
حالة التراجع حالة الفقد حالة تلف ليس للاعارة المكان المؤقت الموقع الحالى تاريخ الاكتساب اجمالي اﻻعارات رقم الطلب الباركود تاريخ اخر مشاهدة تاريخ تفعيل السعر نوع وعاء كوها
        مكتبة القاهرة الكبرى مكتبة القاهرة الكبرى 03/26/2014   239.9\ م ا 8006 03/26/2014 03/26/2014 كتاب

Powered By

EGPV